000
00218nam a22000857a 4500
008
170109b xxu||||| |||| 00| 0 eng d
100
_9
2279
_a
CBSE
245
_a
English Communicative-T-I, T-II
260
_a
New Delhi
_b
APC
_c
2011
999
_c
5167
_d
5167